[Event "Mecklenburg VP LL2 Ost 0708"]
[Site "Mecklenburg VP"]
[Date "2007.11.04"]
[Round "2.3"]
[White "Mietz, Wolfgang"]
[Black "Dambach, Rainer"]
[Result "0-1"]
[WhiteElo "1593"]
[BlackElo "1901"]
[PlyCount "66"]
[EventDate "2007.10.21"]
[EventType "team-tourn"]
[EventRounds "9"]
[EventCountry "GER"]
[SourceTitle "EXT 2016"]
[Source "ChessBase"]
[SourceDate "2015.10.08"]
[SourceVersion "1"]
[SourceVersionDate "2015.10.08"]
[SourceQuality "1"]
[WhiteTeam "Neubrandenburg SG Eintracht II"]
[BlackTeam "Pasewalk"]
[WhiteTeamCountry "GER"]
[BlackTeamCountry "GER"]

1. d4 e6 2. c4 Nf6 3. Nc3 Bb4 4. a3 Bxc3+ 5. bxc3 c5 6. Nf3 0-0 7. g3 Nc6 8. Bg2 d6 9. 0-0 Qe7 10. Re1 e5 11. e4 b6 12. Qa4 Na5 13. Bf1 Bb7 14. Bg5 h6 15. Bxf6 Qxf6 16. Kg2 Qe7 17. d5 f5 18. Nh4 Qf6 19. exf5 Rf7 20. Qc2 Ba6 21. Qe4 Rd8 22. Bd3 Bc8 23. Ng6 Qg5 24. h4 Qd2 25. Rac1 Nb3 26. Rc2 Bxf5 27. Ne7+ Rxe7 28. Qxf5 Qxe1 29. Re2 Qxc3 30. Re3 Rf7 31. Qxf7+ Kxf7 32. Bg6+ Kxg6 33. Rxc3 Nd4 0-1

[Event "Mecklenburg VP LL1 0607"]
[Site "Mecklenburg VP"]
[Date "2007.01.28"]
[Round "5.2"]
[White "Stork, Michael"]
[Black "Dambach, Rainer"]
[Result "1-0"]
[WhiteElo "1953"]
[BlackElo "1953"]
[PlyCount "91"]
[EventDate "2006.10.15"]
[EventType "team"]
[EventRounds "9"]
[EventCountry "GER"]
[SourceTitle "EXT 2008"]
[Source "ChessBase"]
[SourceDate "2007.11.25"]
[SourceVersion "1"]
[SourceVersionDate "2007.11.25"]
[SourceQuality "1"]
[WhiteTeam "Waren"]
[BlackTeam "Pasewalk"]
[WhiteTeamCountry "GER"]
[BlackTeamCountry "GER"]

1. Nf3 Nf6 2. c4 e6 3. Nc3 b6 4. e4 Bb7 5. Qc2 d6 6. d4 c5 7. Bg5 Be7 8. dxc5 bxc5 9. Rd1 Qb6 10. Bd3 Nc6 11. a3 Nd4 12. Nxd4 cxd4 13. Ne2 h6 14. Bd2 0-0 15. b4 Rfc8 16. Qb1 Rab8 17. 0-0 e5 18. Kh1 Qc6 19. Ng3 Qd7 20. Nf5 Bf8 21. f3 Kh7 22. g4 g6 23. Ng3 Qd8 24. Kg2 Nd7 25. h4 Nb6 26. Qb3 Qe8 27. h5 g5 28. Nf5 Qe6 29. Rc1 Rc7 30. Rc2 Rbc8 31. Rfc1 a6 32. a4 Nd7 33. a5 Bc6 34. Qb1 Rb8 35. Rb2 Rcb7 36. Rcc2 Qe8 37. b5 Nc5 38. bxc6 Rxb2 39. Rxb2 Rxb2 40. Qxb2 Nxd3 41. Qb6 Nc5 42. Kg3 Qe6 43. Qd8 Bg7 44. Ne7 f5 45. gxf5 Qxc4 46. Qg8+ 1-0

[Event "Mecklenburg VP LL1 0607"]
[Site "Mecklenburg VP"]
[Date "2006.10.29"]
[Round "2.2"]
[White "Dambach, Rainer"]
[Black "Schwarz, Eckhard"]
[Result "0-1"]
[WhiteElo "1953"]
[BlackElo "1941"]
[PlyCount "80"]
[EventDate "2006.10.15"]
[EventType "team"]
[EventRounds "9"]
[EventCountry "GER"]
[SourceTitle "EXT 2008"]
[Source "ChessBase"]
[SourceDate "2007.11.25"]
[SourceVersion "1"]
[SourceVersionDate "2007.11.25"]
[SourceQuality "1"]
[WhiteTeam "Pasewalk"]
[BlackTeam "Saal Waterkant"]
[WhiteTeamCountry "GER"]
[BlackTeamCountry "GER"]

1. c4 e5 2. Nc3 Nf6 3. Nf3 Nc6 4. e4 Be7 5. d4 exd4 6. Nxd4 0-0 7. Be2 Bb4 8. f3 h6 9. 0-0 d6 10. Be3 Re8 11. Qd2 Qe7 12. Nc2 Bxc3 13. Qxc3 Bd7 14. Rfe1 Rad8 15. Bf1 Qe5 16. Nd4 Nh5 17. Qd2 g5 18. Nb5 Rc8 19. c5 a6 20. Nc3 Rcd8 21. cxd6 Bc8 22. Qf2 Rxd6 23. Nd5 Rdd8 24. Rac1 Be6 25. Nc3 Nf4 26. Red1 Rxd1 27. Rxd1 Rd8 28. Rxd8+ Nxd8 29. Qd2 Nc6 30. a3 Ng6 31. Ne2 f5 32. exf5 Bxf5 33. Nd4 Nge7 34. Bc4+ Kf8 35. h4 Ke8 36. hxg5 hxg5 37. Nxf5 Nxf5 38. Bxg5 Qc5+ 39. Kh2 Qxc4 40. g4 Nfd4 0-1

[Event "Mecklenburg VP LL 0405"]
[Site "Mecklenburg VP"]
[Date "2005.01.16"]
[Round "5.3"]
[White "Waschk, Armin"]
[Black "Dambach, Rainer"]
[Result "1-0"]
[WhiteElo "2161"]
[BlackElo "1983"]
[PlyCount "55"]
[EventDate "2004.10.24"]
[EventType "team"]
[EventRounds "9"]
[EventCountry "GER"]
[SourceTitle "EXT 2009"]
[Source "ChessBase"]
[SourceDate "2008.11.26"]
[SourceVersion "1"]
[SourceVersionDate "2008.11.26"]
[SourceQuality "1"]
[WhiteTeam "Neubrandenburg"]
[BlackTeam "Pasewalk"]
[WhiteTeamCountry "GER"]
[BlackTeamCountry "GER"]

1. e4 e6 2. d4 d5 3. Nc3 Bb4 4. Nge2 dxe4 5. a3 Bxc3+ 6. Nxc3 Nc6 7. Bb5 Nge7 8. Nxe4 Qd5 9. Qd3 0-0 10. c3 b6 11. Be3 Bb7 12. f3 Qf5 13. 0-0-0 Nd5 14. Bd2 Nce7 15. g4 Qg6 16. h4 h6 17. h5 Qh7 18. Qe2 Nf6 19. Nxf6+ gxf6 20. Bd3 Qg7 21. Rhg1 Kh8 22. f4 Rfe8 23. g5 f5 24. c4 Kh7 25. Bc3 Bd5 26. cxd5 Nxd5 27. Qf3 c5 28. Bxf5+ 1-0

[Event "Mecklenburg VP LL 0405"]
[Site "Mecklenburg VP"]
[Date "2004.11.28"]
[Round "3.3"]
[White "Dambach, Rainer"]
[Black "Foerster, Jonas"]
[Result "0-1"]
[WhiteElo "1983"]
[BlackElo "2010"]
[PlyCount "68"]
[EventDate "2004.10.24"]
[EventType "team"]
[EventRounds "9"]
[EventCountry "GER"]
[SourceTitle "EXT 2009"]
[Source "ChessBase"]
[SourceDate "2008.11.26"]
[SourceVersion "1"]
[SourceVersionDate "2008.11.26"]
[SourceQuality "1"]
[WhiteTeam "Pasewalk"]
[BlackTeam "Rostock II"]
[WhiteTeamCountry "GER"]
[BlackTeamCountry "GER"]

1. Nf3 Nf6 2. b3 d5 3. Bb2 e6 4. e3 c5 5. Bb5+ Bd7 6. Bxd7+ Nbxd7 7. 0-0 Bd6 8. d4 0-0 9. Nbd2 Rc8 10. c4 a6 11. Qe2 Re8 12. Ne5 Qc7 13. f4 Qa5 14. Ndf3 b5 15. cxb5 axb5 16. a4 b4 17. Ng5 Re7 18. Rfc1 h6 19. Ngf3 Nb6 20. dxc5 Bxc5 21. Nd4 Bxd4 22. Rxc8+ Nxc8 23. Bxd4 Rc7 24. Qb5 Qxb5 25. axb5 Kh7 26. Ra4 Ne4 27. h3 Rc1+ 28. Kh2 Ncd6 29. b6 Nd2 30. g4 f6 31. Nd3 Rc2 32. Nxb4 Nf3+ 33. Kg3 Ne4+ 34. Kxf3 Rf2# 0-1